The use of accounting information in labor negotiations / (Record no. 165086)

MARC details
000 -LEADER
fixed length control field 00826nam a2200253 i 4500
008 - FIXED-LENGTH DATA ELEMENTS--GENERAL INFORMATION
fixed length control field
040 ## - CATALOGING SOURCE
Original cataloging agency MAIN
Transcribing agency NUST
050 00 - LIBRARY OF CONGRESS CALL NUMBER
Classification number HD6483 PAL
003 - CONTROL NUMBER IDENTIFIER
control field
005 - DATE AND TIME OF LATEST TRANSACTION
control field 20230123134405.0
049 ## - LOCAL HOLDINGS (OCLC)
Holding library MAIN
100 1# - MAIN ENTRY--PERSONAL NAME
Personal name Palmer, John R.
245 14 - TITLE STATEMENT
Title The use of accounting information in labor negotiations /
Statement of responsibility, etc. by John R. Palmer.
260 ## - PUBLICATION, DISTRIBUTION, ETC.
Place of publication, distribution, etc. New York :
Name of publisher, distributor, etc. National Association of Accountants,
Date of publication, distribution, etc. 1977.
300 ## - PHYSICAL DESCRIPTION
Extent v, 71 p. ;
Dimensions 23 cm.
490 1# - SERIES STATEMENT
Series statement NAA publication ; no. 7791
504 ## - BIBLIOGRAPHY, ETC. NOTE
Bibliography, etc. note Includes bibliographical references: p. 65-69.
650 #0 - SUBJECT ADDED ENTRY--TOPICAL TERM
Topical term or geographic name entry element Collective bargaining.
650 #0 - SUBJECT ADDED ENTRY--TOPICAL TERM
Topical term or geographic name entry element Accounting.
650 #0 - SUBJECT ADDED ENTRY--TOPICAL TERM
Topical term or geographic name entry element Financial statements.
810 2# - SERIES ADDED ENTRY--CORPORATE NAME
Corporate name or jurisdiction name as entry element National Association of Accountants.
Title of a work NAA publication ;
Volume/sequential designation no. 7791.
907 ## - LOCAL DATA ELEMENT G, LDG (RLIN)
a .b10233519
b 20-02-07
c 20-02-07
942 ## - ADDED ENTRY ELEMENTS (KOHA)
Koha item type Ordinary Loan Books
Holdings
Date last seen Total Checkouts Full call number Barcode Cost, replacement price Price effective from Koha item type Lost status Source of classification or shelving scheme Damaged status Not for loan Collection Withdrawn status Home library Current library Shelving location Date acquired Cost, normal purchase price
01/23/2023   HD6483 PAL 92004005833 80.00 01/23/2023 BOOKS   LCC     NFIC   MAIN MAIN GEN 01/23/2023 80.00